000 00304nam a2200133Ia 4500
005 20251222155039.0
008 251222s9999||||xx |||||||||||||| ||spa||
082 _aMIC.22
100 _aD. DáMASO,Diego.
245 0 _aAntibacterianos
250 _a1ra. ed.
264 _bMarqueting Pharm
942 _cLIB
999 _c36871
_d36871